Հայ իրավական մտքի գանձարան: (Record no. 44053)
[ view plain ]
| 000 -LEADER | |
|---|---|
| fixed length control field | 00952nam a22002537a 4500 |
| 003 - CONTROL NUMBER IDENTIFIER | |
| control field | SEM |
| 005 - DATE AND TIME OF LATEST TRANSACTION | |
| control field | 20220608071007.0 |
| 008 - FIXED-LENGTH DATA ELEMENTS--GENERAL INFORMATION | |
| fixed length control field | 201222b ||||| |||| 00| 0 arm d |
| 020 ## - INTERNATIONAL STANDARD BOOK NUMBER | |
| International Standard Book Number | 9993085928 (Հ. Բ) |
| 040 ## - CATALOGING SOURCE | |
| Original cataloging agency | SEM |
| Transcribing agency | SEM |
| 041 ## - LANGUAGE CODE | |
| Language code of text/sound track or separate title | arm. |
| 080 ## - UNIVERSAL DECIMAL CLASSIFICATION NUMBER | |
| Universal Decimal Classification number | 34(47.925)/Ա-77 |
| 100 ## - MAIN ENTRY--PERSONAL NAME | |
| Personal name | Ավագյան Ռուբեն |
| 245 ## - TITLE STATEMENT | |
| Title | Հայ իրավական մտքի գանձարան: |
| Remainder of title | (մ. թ. ա. IX դ. - մ. թ. XIX դ.): / |
| Statement of responsibility, etc. | Ռ. Ավագյան; Խմբ.՝ Հ. Հակոբջանյան, Ս. Մկրտչյան, Օ. Մարկոսյան |
| 260 ## - PUBLICATION, DISTRIBUTION, ETC. | |
| Place of publication, distribution, etc. | Երևան: |
| Name of publisher, distributor, etc. | «Մնիի եմ- XXI դար», |
| Date of publication, distribution, etc. | 2002. |
| 300 ## - PHYSICAL DESCRIPTION | |
| Extent | Հ.; |
| Dimensions | 20 սմ |
| 505 ## - FORMATTED CONTENTS NOTE | |
| Formatted contents note | Հ. 1 - |
| Miscellaneous information | 2001.- 671 էջ |
| 505 ## - FORMATTED CONTENTS NOTE | |
| Formatted contents note | Հ. 2 - |
| Miscellaneous information | 2002.- 666+V էջ |
| 650 ## - SUBJECT ADDED ENTRY--TOPICAL TERM | |
| Topical term or geographic name entry element | Իրավունք |
| Geographic subdivision | Հայաստան |
| 700 ## - ADDED ENTRY--PERSONAL NAME | |
| Personal name | Հակոբջանյան Հ. |
| Relator term | խմբ. |
| Relationship | edt. |
| 700 ## - ADDED ENTRY--PERSONAL NAME | |
| Personal name | Մկրտչյան Ս. |
| Relator term | խմբ. |
| Relationship | edt. |
| 700 ## - ADDED ENTRY--PERSONAL NAME | |
| Personal name | Մարկոսյան Օ. |
| Relator term | խմբ. |
| Relationship | edt. |
| 942 ## - ADDED ENTRY ELEMENTS (KOHA) | |
| Source of classification or shelving scheme | Universal Decimal Classification |
| Koha item type | Գրքեր/Books |
| Withdrawn status | Lost status | Source of classification or shelving scheme | Damaged status | Not for loan | Collection code | Home library | Current library | Date acquired | Cost, normal purchase price | Serial Enumeration / chronology | Inventory number | Total Checkouts | Full call number | Barcode | Date last seen | Price effective from | Koha item type | Public note |
|---|---|---|---|---|---|---|---|---|---|---|---|---|---|---|---|---|---|---|
| Universal Decimal Classification | Գրապահոց | Մայր Աթոռ Սուրբ Էջմիածին «Վաչե և Թամար Մանուկյան» Մատենադարան | Մայր Աթոռ Սուրբ Էջմիածին «Վաչե և Թամար Մանուկյան» Մատենադարան | 24/12/2020 | 2000.00 | Հ. 2 | 10141 | 34(47.925)/Ա-77 | 10141 | 16/11/2014 | 16/11/2014 | Գրքեր/Books | Սպասարկվում է 30 օր | |||||
| Universal Decimal Classification | Գրապահոց | Մայր Աթոռ Սուրբ Էջմիածին «Վաչե և Թամար Մանուկյան» Մատենադարան | Մայր Աթոռ Սուրբ Էջմիածին «Վաչե և Թամար Մանուկյան» Մատենադարան | 22/12/2020 | 2000.00 | Հ. 2 | 32389 | 34(47.925)/Ա-77 | 32389 | 22/12/2020 | 22/12/2020 | Գրքեր/Books | Սպասարկվում է ընթերցասրահ | |||||
| Universal Decimal Classification | Գրապահոց | Մայր Աթոռ Սուրբ Էջմիածին «Վաչե և Թամար Մանուկյան» Մատենադարան | Մայր Աթոռ Սուրբ Էջմիածին «Վաչե և Թամար Մանուկյան» Մատենադարան | 24/12/2020 | 2000.00 | Հ. 1 | 11096 | 34(47.925)/Ա-77 | 11096 | 24/12/2020 | 24/12/2020 | Գրքեր/Books | Սպասարկվում է ընթերցասրահ |